Central Library OPAC University of Rajshahi

Simple history of English literature / (Record no. 17836)

MARC details
000 -LEADER
fixed length control field 00626nam a22002293 4500
001 - CONTROL NUMBER
control field 17836
003 - CONTROL NUMBER IDENTIFIER
rucl marc code BD-RjUL
005 - DATE AND TIME OF LATEST TRANSACTION
control field 20211209000211.0
008 - FIXED-LENGTH DATA ELEMENTS--GENERAL INFORMATION
fixed length control field 140219s1920 enk 000 0 eng d
035 ## - SYSTEM CONTROL NUMBER
System control number (BD-RjUL)17894
040 ## - CATALOGING SOURCE
Original cataloging agency EQO
Transcribing agency EQO
Language of cataloging eng
Modifying agency BD-RjUL
041 ## - LANGUAGE CODE
Language code of text/sound track or separate title eng
082 ## - DEWEY DECIMAL CLASSIFICATION NUMBER
Classification number 820.9
Author mark and year STS
100 1# - MAIN ENTRY--PERSONAL NAME
Personal name Stronach, A. L.
9 (RLIN) 55043
245 10 - TITLE STATEMENT
Title Simple history of English literature /
260 ## - PUBLICATION, DISTRIBUTION, ETC. (IMPRINT)
Place of publication, distribution, etc. Lond. &c. :
Date of publication, distribution, etc. 1920.
Name of publisher, distributor, etc. Thomas nelson and sons,
300 ## - PHYSICAL DESCRIPTION
Pagination 276 p. ;
Size 19 cm.
490 1# - SERIES STATEMENT
Series statement Royal upper class-readers
504 ## - BIBLIOGRAPHY, ETC. NOTE
Bibliography, etc Includes index.
830 #0 - SERIES ADDED ENTRY--UNIFORM TITLE
Uniform title Royal upper class-readers
942 ## - ADDED ENTRY ELEMENTS (KOHA)
Source of classification or shelving scheme Dewey Decimal Classification
Koha item type Books
Holdings
Lost status Source of classification or shelving scheme Damaged status Not for loan Collection code Permanent Location Current Location Shelving location Date acquired Source of acquisition Cost, normal purchase price Total Checkouts Full call number Date last seen Copy number Koha item type
  Dewey Decimal Classification   Not For Loan Fiction Central Library, University of Rajshahi Central Library, University of Rajshahi Reading Room 27/04/1966 Govt. of Australia. 0.00   820.9 STS 1920 19/02/2014 C-1 Books